Loading...

COTTONSEED AND COTTINSEED PRODUCTS: THEIR CHEMISTRY AND CHEMICAL TECHNOLOGY

Bibliographic Details
Format: Printed Book
Published: NEW YORK INTERSCIENCE PUBLISHERS INC. 1948
Subjects:
LEADER 00647nam a2200181 4500
020 |c 18 
082 |a 664.726 BAI 
100
245 |a COTTONSEED AND COTTINSEED PRODUCTS: THEIR CHEMISTRY AND CHEMICAL TECHNOLOGY  |h ENGLISH 
250
260 |a NEW YORK  |b INTERSCIENCE PUBLISHERS INC.  |c 1948 
300 |a 936  |f HB 
500 |a   
590 |d Dollar 18 
650 |a COTTONSEED AND COTTINSEED PRODUCTS-- THEIR CHEMISTRY AND CHEMICAL TECHNOLOGY 
942 |c TB 
999 |c 119213  |d 119213 
952 |0 0  |1 0  |4 0  |6 664_726000000000000_BAI  |7 0  |9 132678  |a CHE  |b CHE  |g 18.00  |l 0  |o 664.726 BAI  |p CHE519  |r 2019-10-15  |w 2019-10-15  |y TB